000 00702nam a22001935i 4500
001 68693
003 ES-MaACL
005 20230906170334.0
007 t|
008 960827s1887 fr a ||||1| spa d
040 _aCAM
_bspa
_cCAM
100 1 _aGhirelli, F.
_956578
245 1 0 _aMedicina electro-homeopática o Tratamiento de las enfermedades por medio de remedios homeopáticos complejos /
_cpor F. Ghirelli y P. Ponzio.
260 _aNice :
_b[s.n.],
_c1887 (
_fImpr. de V. Eug. Gauthier y Cie)
300 _aXV, 407 p. :
_bil. ;
_c19 cm.
700 1 _aPonzio, P.
_993073
740 0 _aTratamiento de las infermedades por medio de remedios homeopáticos complejos.
852 _aES-MaACL
_jF-8789
999 _c68693
_d68693